[Event "Doncaster 4NCL op-B 15th"]
[Site "Doncaster"]
[Date "2017.09.10"]
[Round "4"]
[White "Obi, Marc On"]
[Black "Wiratunga, Jenith Ay"]
[Result "1-0"]
[WhiteElo "1802"]
[BlackElo "1488"]
[PlyCount "63"]
[EventDate "2017.09.08"]
[EventType "swiss"]
[EventRounds "5"]
[EventCountry "ENG"]
[SourceTitle "CBM 180 Extra"]
[Source "ChessBase"]
[SourceDate "2017.10.06"]
[SourceVersion "1"]
[SourceVersionDate "2017.10.06"]
[SourceQuality "1"]

1. d4 d5 2. c4 e6 3. Nf3 Nf6 4. g3 dxc4 5. Bg2 Nc6 6. 0-0 Be7 7. e3 0-0 8. Nbd2 Rb8 9. Nxc4 b6 10. a3 Ba6 11. Qc2 Ne4 12. Qxe4 Bxc4 13. Qxc6 Bxf1 14. Kxf1 Bf6 15. Bd2 e5 16. Bb4 Re8 17. Nxe5 Bxe5 18. dxe5 Rxe5 19. Rc1 a5 20. Be1 Qd3+ 21. Kg1 Re7 22. Bc3 Rbe8 23. Bd4 a4 24. Bc3 Rxe3 25. Qxc7 b5 26. Bf1 Qe4 27. Bxb5 Rf8 28. Bb4 h6 29. Qc6 Qxc6 30. Bxc6 Re2 31. Bxf8 Kxf8 32. Rb1 1-0

[Event "London Classic op U1600 8th"]
[Site "London"]
[Date "2016.12.10"]
[Round "2"]
[White "Morris, Brian"]
[Black "Wiratunga, Jenith Ay"]
[Result "0-1"]
[WhiteElo "1480"]
[BlackElo "1277"]
[PlyCount "126"]
[EventDate "2016.12.09"]
[EventType "swiss"]
[EventRounds "5"]
[EventCountry "ENG"]
[SourceTitle "EXT 2019"]
[Source "ChessBase"]
[SourceDate "2018.10.10"]
[SourceVersion "1"]
[SourceVersionDate "2018.10.10"]
[SourceQuality "1"]

1. d4 Nf6 2. c4 e6 3. Nc3 Bb4 4. Nf3 c5 5. Bg5 0-0 6. Bxf6 Qxf6 7. e3 d6 8. Bd3 Nc6 9. 0-0 Re8 10. a3 cxd4 11. Nxd4 Nxd4 12. exd4 Bxc3 13. bxc3 e5 14. dxe5 dxe5 15. Re1 Rd8 16. Qc2 h6 17. Rad1 Be6 18. Re2 Rac8 19. Re4 Bf5 20. Re3 e4 21. Bxe4 Rxd1+ 22. Qxd1 Rd8 23. Qe1 Bxe4 24. Rxe4 Qd6 25. Rd4 Qf6 26. Rxd8+ Qxd8 27. h3 Kf8 28. Qb1 b6 29. Qb4+ Ke8 30. Qa4+ Qd7 31. Qxd7+ Kxd7 32. Kf1 Kc6 33. Ke2 Kc5 34. Kd3 a6 35. f3 f5 36. g4 fxg4 37. fxg4 g5 38. a4 a5 39. Kc2 Kxc4 40. Kb2 b5 41. axb5 Kxb5 42. Kb3 a4+ 43. Kb2 Kc4 44. Ka3 Kxc3 45. Kxa4 Kd4 46. Kb4 Ke4 47. Kc4 Kf4 48. Kd4 Kg3 49. Ke4 Kxh3 50. Kf3 Kh4 51. Kg2 Kxg4 52. Kh2 h5 53. Kg2 Kf4 54. Kf2 g4 55. Kg2 h4 56. Kh2 Kf3 57. Kg1 g3 58. Kf1 h3 59. Kg1 g2 60. Kh2 Kf2 61. Kxh3 g1Q 62. Kh4 Qg6 63. Kh3 Qg3# 0-1